Načítá se...

Supervisory Skills in Marketing

Podrobná bibliografie
Hlavní autor: Crawford,Lucy C
Další autoři: Dorr,Eugene L
Médium: Printed Book
Vydáno: newyork gregg 1978
LEADER 00451nam a22001457a 4500
020 |a 0070134715 
082 |a 658.3738  |b CRA/SU 
100 |a Crawford,Lucy C 
245 |a Supervisory Skills in Marketing 
260 |a newyork  |b gregg  |c 1978 
300 |a 123p. 
700 |a Dorr,Eugene L 
942 |c BK 
999 |c 3776  |d 3776 
952 |0 0  |1 0  |4 0  |6 658_373800000000000_CRA_SU  |7 0  |8 NFIC  |9 4762  |a KUFOS  |b KUFOS  |c GEN  |d 2016-05-26  |o 658.3738 CRA/SU  |p 00498  |r 2016-05-26  |w 2016-05-26  |y BK